| 000 | 00621nam a22001937a 4500 | ||
|---|---|---|---|
| 999 |
_c525694 _d525694 |
||
| 003 | NUST | ||
| 020 |
_a978-969-472-222-1 _qHB/K |
||
| 038 | _aFaiza | ||
| 082 |
_a891.4391092 _bSAI |
||
| 100 |
_aDurani, Saida _916637 |
||
| 245 |
_aPakistan ky Sufi Shuraa / _cSaida Durani |
||
| 260 |
_aIslamabad : _bAcademy Adabiat Pakistan, _c1995. |
||
| 300 | _a488 p. ; | ||
| 504 | _aBibliography. | ||
| 880 |
_6100-01\r _aسعیدہ درانی |
||
| 880 |
_6245-02\r _aپاکستان کے صوفی شعراء / |
||
| 880 |
_6260-03\r _aاسلام آباد : _bاکادمی ادبیات پاکستان, _c۱۹۹۵. |
||
| 942 |
_2ddc _cBK |
||